[Event "FRA-chT2 West 0607"]
[Site "France"]
[Date "2007.03.18"]
[Round "9.8"]
[White "Moreau, Brigitte"]
[Black "Krasnovsky, Galina"]
[Result "1-0"]
[WhiteElo "1460"]
[BlackElo "1180"]
[PlyCount "55"]
[EventDate "2006.10.15"]
[EventType "team"]
[EventRounds "11"]
[EventCountry "FRA"]
[SourceTitle "EXT 2008"]
[Source "ChessBase"]
[SourceDate "2007.11.25"]
[SourceVersion "1"]
[SourceVersionDate "2007.11.25"]
[SourceQuality "1"]
[WhiteTeam "Le Mans"]
[BlackTeam "Le Vesinet"]
[WhiteTeamCountry "FRA"]
[BlackTeamCountry "FRA"]

1. d4 e6 2. e4 d6 3. Nf3 Be7 4. Be2 Nf6 5. Nc3 0-0 6. 0-0 c6 7. Bd3 Nbd7 8. e5 Nd5 9. Ne4 dxe5 10. dxe5 Qc7 11. c4 Nb4 12. Bf4 Nxd3 13. Qxd3 Nc5 14. Qc2 Nxe4 15. Qxe4 b6 16. Rad1 Bb7 17. Rd3 c5 18. Qe2 Bxf3 19. Qxf3 Rfd8 20. Rfd1 Rxd3 21. Rxd3 Rd8 22. Bg3 h6 23. b3 a5 24. a4 Qb8 25. Qd1 Rxd3 26. Qxd3 Qe8 27. Kf1 h5 28. f3 1-0